000 00453nam a2200133Ia 4500
008 100328s9999 xx 000 0 und d
082 _b38871
100 _aपंडीत राम-अनु.
245 _aउर्दु गीतकाव्य
260 _bअभिव्यक्ती पेपर बॉक्स
630 _aउर्दु गीतकाव्य
730 _aउर्दु गीतकाव्य
942 _cBOOK
999 _c527959
_d527956